[Event "Trophee Roza Lallemand"]
[Site "Chalons en Champagne FRA"]
[Date "2011.05.22"]
[Round "8.3"]
[White "Monpeurt,C"]
[Black "Guichard,P"]
[Result "1/2-1/2"]
[WhiteElo "1968"]
[BlackElo "2303"]

1.e4 c5 2.Nf3 e6 3.d4 cxd4 4.Nxd4 Nc6 5.Nc3 Qc7 6.Be3 a6 7.Bd3 Nf6 8.O-O Ne5
9.f4 Neg4 10.Bd2 Bc5 11.Ne2 e5 12.fxe5 Qxe5 13.Bf4 Bxd4+ 14.Kh1 Qc5 15.Nxd4 Qxd4
16.e5 Nf2+ 17.Rxf2 Qxf2 18.exf6 d5 19.fxg7 Rg8 20.Be5 Bf5 21.Bxf5 Qxf5 22.Qxd5 Rd8
23.Qa5 f6 24.Re1 Kf7 25.Qc7+ Rd7 26.Qc4+ Kxg7 27.Rf1 b5 28.Qe2 Qxe5 29.Qg4+ Kh8
30.Qxd7 Qe2 31.Rg1 Qxc2 32.Qe6 Qxb2 33.Qxa6 b4 34.h3 Qf2 35.Qd6 Qb2 36.Qc6 Kg7
37.Qc7+ Kh8 38.Qc6 Rg6 39.Qe8+ Kg7 40.Qe7+ Kh6 41.Qe3+ Kg7 42.Qe7+ Kh8 43.Qe8+ Rg8
44.Qc6 Qc3 45.Qxc3 bxc3 46.Rc1 Rc8 47.Rc2 Kg7 48.Kg1 Kg6 49.Kf2 Kg5 50.Ke3 Kh4
51.Kd4 Ra8 52.Kxc3 Kg3 53.Kd4 f5 54.Ke5 Ra5+ 55.Kd6 f4 56.Kc6 h5 57.Kb6 Ra3
58.Kb5 h4 59.Kb4 Ra8 60.a4 f3 61.gxf3 Rb8+ 62.Ka5 Kxh3 63.Ka6 Kg3 64.Ka7 Rb3
65.a5 h3 66.a6 Rxf3 67.Ka8 h2 68.Rxh2 Kxh2  1/2-1/2

[Event "ch-MNE w"]
[Site "Podgorica MNE"]
[Date "2011.05.22"]
[Round "3.1"]
[White "Bacic,K"]
[Black "Misovic,S"]
[Result "1-0"]
[WhiteElo "1826"]
[BlackElo "1857"]

1.e4 c5 2.Nf3 e6 3.d4 cxd4 4.Nxd4 Nc6 5.Nc3 Qc7 6.Be3 a6 7.Be2 Nf6 8.a3 Be7
9.O-O O-O 10.f4 d6 11.Qe1 b5 12.Qg3 Bb7 13.Bd3 Nd7 14.Nxc6 Bxc6 15.f5 Rfb8
16.fxe6 fxe6 17.Qg4 Nf8 18.Bh6 Bd8 19.Rf3 Qa7+ 20.Kh1 Bb6 21.Raf1 Rb7 22.Ne2 Re8
23.Nf4 Rf7 24.Nh5 Rxf3 25.Rxf3 Bd4 26.c3 Be5 27.Bf4 Ng6 28.Be3 Qb7 29.Bd4 a5
30.Rf1 b4 31.Bxe5 Nxe5 32.Nf6+ Kh8 33.Nxe8 Qe7 34.Qf4 Ng6 35.Qxd6 Qxe8 36.Qg3 bxa3
37.bxa3 e5 38.Qf3 Nf4 39.g3 Ng6 40.Qf7 Qd8 41.h4 Qxd3  1-0

[Event "63rd ch-MNE"]
[Site "Tivat MNE"]
[Date "2011.05.22"]
[Round "2.1"]
[White "Nikac,P"]
[Black "Djukic,Ni"]
[Result "0-1"]
[WhiteElo "2350"]
[BlackElo "2486"]

1.e4 c5 2.Ne2 Nc6 3.Nbc3 e6 4.d4 cxd4 5.Nxd4 Qc7 6.Be2 a6 7.O-O Nf6 8.Kh1 Be7
9.f4 d6 10.Be3 O-O 11.Qe1 Nxd4 12.Bxd4 b5 13.e5 dxe5 14.Bxe5 Qb6 15.Qh4 b4
16.Bd3 h6 17.Ne4 Nxe4 18.Qxe7 Bb7 19.Qc7 Qxc7 20.Bxc7 Rfc8 21.Ba5 Nc5 22.Rf2 Nxd3
23.cxd3 Rab8 24.a3 b3 25.Kg1 Rc5 26.Bc3 Rd8 27.Rd1 Be4 28.Rfd2 Bf5 29.Kf2 Rcd5
30.Ke3 f6 31.Kf3 Bxd3 32.Ke3 Bc2 33.Rxd5 exd5 34.Rd4 Re8+ 35.Kf2 Rc8 36.Bb4 Be4
37.g4 Rc1 38.h4 Rh1 39.Kg3 Rg1+ 40.Kh3 Rf1 41.Bd2 h5 42.gxh5 Kh7 43.f5 Rxf5
44.h6 gxh6 45.Rb4 Rf2 46.Bc3 Kg6 47.Rb6 h5 48.a4 Rf3+ 49.Kh2 Kf5 50.Bxf6 Kg4
51.Kg1 Kh3 52.Bd4 Kxh4 53.Rxa6 Rd3 54.Bf2+ Kg4 55.Be1 Kf3 56.Rf6+ Ke2 57.Bh4 Rh3
58.Rf2+ Kd3 59.Rh2 Rxh2 60.Kxh2 d4 61.Bf2 Bc6 62.a5 Ke4 63.Kg2 d3 64.Kf1 Kf3
65.Be1 h4  0-1

[Event "XXX Zalakaros Open"]
[Site "Zalakaros HUN"]
[Date "2011.05.22"]
[Round "3"]
[White "Peczely,S"]
[Black "Bea,B"]
[Result "1-0"]
[WhiteElo "1967"]
[BlackElo "2124"]

1.e4 c5 2.Nf3 e6 3.d4 cxd4 4.Nxd4 Nc6 5.Nc3 Qc7 6.Be3 a6 7.Qd2 Nf6 8.O-O-O Be7
9.f3 h5 10.Kb1 d6 11.h3 Ne5 12.Rg1 b5 13.g4 Bb7 14.g5 Nfd7 15.g6 Nxg6 16.Rxg6 fxg6
17.Nxe6 Qa5 18.Qd4 Bf6 19.Qxd6 Bc8 20.Nc7+ Qxc7 21.Qxc7 O-O 22.Rxd7 Bxd7
23.Qxd7 Bxc3 24.bxc3 Rad8 25.Qe6+ Kh7 26.Be2  1-0

[Event "4th Calgary Classic Int"]
[Site "Calgary CAN"]
[Date "2011.05.23"]
[Round "9"]
[White "Langer,M USA"]
[Black "Porper,E"]
[Result "0-1"]
[WhiteElo "2267"]
[BlackElo "2446"]

1.e4 c5 2.Nf3 e6 3.d4 cxd4 4.Nxd4 Nc6 5.Nc3 a6 6.a3 Qc7 7.Be3 Nf6 8.f4 Nxd4
9.Qxd4 Ng4 10.Qb6 Bd6 11.e5 Nxe3 12.Qxe3 Be7 13.O-O-O b5 14.Ne4 Bb7 15.Nd6+ Bxd6
16.Rxd6 f6 17.Bd3 O-O 18.Rd1 Rf7 19.g4 Rc8 20.Qh3 g6 21.f5 fxe5 22.fxg6 Rg7  0-1

[Event "3rd Kahraman Olgac Memorial"]
[Site "Izmir TUR"]
[Date "2011.05.23"]
[Round "1.1.2"]
[White "Kanmazalp,O"]
[Black "Geller,J"]
[Result "0-1"]
[WhiteElo "2404"]
[BlackElo "2521"]

1.e4 c5 2.Nf3 Nc6 3.d4 cxd4 4.Nxd4 e6 5.Nc3 Qc7 6.Be3 a6 7.Be2 Nf6 8.O-O Be7
9.f4 d6 10.a4 O-O 11.Kh1 Re8 12.Bf3 Bd7 13.Nb3 b6 14.g4 Bc8 15.g5 Nd7 16.Bg2 Bb7
17.Rf3 Nb4 18.Rh3 g6 19.Qd2 Rac8 20.Qf2 f5 21.exf5 exf5 22.Bd4 Nc5 23.Rxh7 Kxh7
24.Qh4+ Kg8 25.Qh6 Bxg2+ 26.Kxg2 Kf7 27.Re1 Rg8 28.Qh7+ Kf8 29.Qh6+ Ke8 30.Qh7 Rf8
31.Bf6 Qb7+ 32.Kg1 Rc7 33.Nd4 Kd8 34.Qg7 Re8 35.Qxg6 Nd5 36.Nxf5 Nxf4 37.Qxe8+ Kxe8
38.Nxd6+ Kf8 39.Nxb7 Bxf6 40.Nxc5 Bxc3 41.Re4 Nh3+ 42.Kg2 Rxc5 43.Kxh3 Bxb2
44.Kg4 Rxc2 45.h4 b5 46.axb5 axb5 47.Kf5 Rc4 48.h5 Rc5+ 49.Kg6 Bc1 50.Rg4 Rxg5+  0-1

[Event "Orlova Open"]
[Site "Orlova CZE"]
[Date "2011.05.24"]
[Round "4.23"]
[White "Olsar,Z"]
[Black "Foltyn,Mateusz"]
[Result "1-0"]
[WhiteElo "1989"]
[BlackElo "1468"]

1.e4 c5 2.Nf3 Nc6 3.d4 cxd4 4.Nxd4 e6 5.Nc3 Nf6 6.Ndb5 d6 7.Bf4 e5 8.Bg5 Be6
9.Be2 a6 10.Na3 b5 11.Nd5 Bxd5 12.exd5 Qa5+ 13.Bd2 b4 14.dxc6 d5 15.O-O Qb6
16.Nb1 Qxc6 17.c3 a5 18.a4 Qb7 19.Bb5+ Nd7 20.Qg4 h5 21.Qf5 f6 22.Qe6+ Kd8
23.Bc6 Qc8 24.Bxa8 Qxa8 25.Be3 Qb7 26.Nd2 h4 27.h3 Nc5 28.Bxc5 Bxc5 29.Nb3 Bb6
30.Rad1 Re8 31.Rxd5+  1-0

[Event "84th ch-St Petersburg"]
[Site "St Petersburg RUS"]
[Date "2011.05.24"]
[Round "4"]
[White "Yemelin,V"]
[Black "Shimanov,A"]
[Result "0-1"]
[WhiteElo "2584"]
[BlackElo "2583"]

1.e4 c5 2.Nf3 e6 3.d4 cxd4 4.Nxd4 Nc6 5.Nc3 Qc7 6.f4 a6 7.Be3 Nxd4 8.Qxd4 b5
9.O-O-O Bb7 10.Kb1 Rc8 11.Bd3 d6 12.a4 bxa4 13.Qxa4+ Qc6 14.Qb3 Be7 15.e5 Qc7
16.exd6 Bxd6 17.Bb5+ Kf8 18.Ba4 Bc6 19.Rxd6 Qxd6 20.Qb6 Ne7 21.Bc5 Qc7 22.Qxa6 Bb7
23.Qb5 Qxc5 24.Qxb7 g6 25.Ne4 Qd5 26.Qxd5 Nxd5 27.g3 Rc4  0-1

[Event "XXX Zalakaros Open"]
[Site "Zalakaros HUN"]
[Date "2011.05.24"]
[Round "5"]
[White "Racz,Z"]
[Black "Csonka,A1"]
[Result "1/2-1/2"]
[WhiteElo "2295"]
[BlackElo "2409"]

1.e4 c5 2.Nf3 e6 3.d4 cxd4 4.Nxd4 Nc6 5.Nc3 Qc7 6.Be3 a6 7.Qd2 Nf6 8.O-O-O Bb4
9.f3 h5 10.Kb1 Ne5 11.Bg5 d6 12.Nb3 Bd7 13.Bxf6 gxf6 14.Nd5 exd5 15.Qxb4 a5
16.Qe1 a4 17.Nd4 Qa5 18.exd5 Qxe1 19.Rxe1 Kd8 20.Be2 Ra5 21.c4 Rc5 22.Rc1 Re8
23.Rhe1 h4 24.Bf1 Ng6 25.Rxe8+ Kxe8 26.g3 hxg3 27.hxg3 Ne7 28.Bd3 b5 29.Nxb5 Bxb5
30.cxb5 Nxd5 31.Rxc5 dxc5 32.Kc2 Ke7 33.Kd2 Nb6 34.Kc3 Nd5+ 35.Kd2 Nb6 36.Kc3 Nd5+
37.Kc4 Kd6 38.b6 Nxb6+ 39.Kb5 Nd7 40.Kxa4 Ne5 41.Be2 Nc6 42.Bc4 Ne5 43.Kb5 Nxf3
44.Bxf7 Nd4+ 45.Kb6 Nf5 46.Bg6 Ne3 47.Bd3 c4 48.Be2 c3 49.bxc3 Nd5+ 50.Ka5 Nxc3
51.Bc4 f5 52.a4 Ke5 53.Kb4 Nxa4 54.Kxa4 f4  1/2-1/2

[Event "ch-Siberia Men"]
[Site "Barnaul RUS"]
[Date "2011.05.25"]
[Round "6"]
[White "Piskunov,A"]
[Black "Dzhumagaliev,Y"]
[Result "1/2-1/2"]
[WhiteElo "2270"]
[BlackElo "2389"]

1.e4 c5 2.Nf3 e6 3.d4 cxd4 4.Nxd4 Nc6 5.Nc3 a6 6.g3 Nge7 7.Nb3 Na5 8.Bg2 Nec6
9.O-O Be7 10.Be3 Nc4 11.Bc1 N4a5 12.Qe2 b5 13.Rd1 Nxb3 14.axb3 Bb7 15.Nd5 Bc5
16.Be3 d6 17.Nf4 Bxe3 18.Qxe3 Qc7 19.Rd2 O-O 20.Rad1 Rad8 21.Ne2 Ne5 22.Qc3 Qb8
23.f4 Ng4 24.Qd4 Rc8 25.Kh1 e5 26.Qg1 b4 27.c4 Qa8 28.h3 Nf6 29.Rxd6 Nxe4
30.Bxe4 Bxe4+ 31.Kh2 Bc2 32.R1d2 Bxb3 33.fxe5 Bxc4 34.Nf4 Ba2 35.Qf1 Bc4
36.Qe1 Qa7 37.Nh5 Be6 38.Qe4 Rc1 39.Rg2 Rc4 40.Qf3 Qc5 41.Nf6+ gxf6 42.Qxf6 h6
43.Rxe6 fxe6 44.Qg6+  1/2-1/2

[Event "3rd Kahraman Olgac Memorial"]
[Site "Izmir TUR"]
[Date "2011.05.25"]
[Round "5.1.3"]
[White "Firat,B"]
[Black "Geller,J"]
[Result "1/2-1/2"]
[WhiteElo "2380"]
[BlackElo "2521"]

1.e4 c5 2.Nf3 e6 3.d4 cxd4 4.Nxd4 Nc6 5.Nc3 Qc7 6.g3 a6 7.Bg2 Nf6 8.O-O Nxd4
9.Qxd4 Bc5 10.Bf4 d6 11.Qd3 Nd7 12.Na4 e5 13.Bd2 Bd4 14.Nc3 Nf6 15.Ne2 Ba7
16.c4 Be6 17.Rac1 O-O 18.b3 Nd7 19.Nc3 Bd4 20.Ne2 Bb6 21.Nc3 Bd4  1/2-1/2

[Event "3rd Kahraman Olgac Memorial"]
[Site "Izmir TUR"]
[Date "2011.05.25"]
[Round "5.1.1"]
[White "Yilmaz,M"]
[Black "Ivanov,Jo"]
[Result "1-0"]
[WhiteElo "2489"]
[BlackElo "2436"]

1.e4 c5 2.Nf3 e6 3.d4 cxd4 4.Nxd4 Nc6 5.Nc3 Qc7 6.g3 a6 7.Bg2 d6 8.O-O Bd7
9.Nce2 Rc8 10.b3 Nf6 11.c4 Be7 12.Bb2 O-O 13.a4 Rfd8 14.Qd2 Be8 15.a5 d5
16.exd5 exd5 17.cxd5 Nxd5 18.Nf5 Ndb4 19.Qe3 Rd3 20.Qe4 Bf8 21.Qg4 f6 22.Nf4 Rxb3
23.Bxf6 g6 24.Rad1 Bf7 25.Qg5 Ne5 26.Bxe5  1-0

[Event "ch-MNE w"]
[Site "Podgorica MNE"]
[Date "2011.05.25"]
[Round "7.4"]
[White "Mijovic,A"]
[Black "Bubanja,Mi"]
[Result "1-0"]
[WhiteElo "2172"]
[BlackElo "1731"]

1.e4 c5 2.Nf3 e6 3.d4 cxd4 4.Nxd4 Nc6 5.Nc3 Qc7 6.Be2 a6 7.O-O Nf6 8.Kh1 Nxd4
9.Qxd4 Bc5 10.Qd3 b5 11.f4 Bb7 12.Bf3 b4 13.Na4 Ba7 14.c4 bxc3 15.Nxc3 d6
16.e5 dxe5 17.Bxb7 Qxb7 18.fxe5 Rd8 19.Qg3 Nh5 20.Qh4 g6 21.Qa4+ Rd7 22.Rd1 Ke7
23.Bg5+ Ke8 24.Ne4  1-0

[Event "XXX Zalakaros Open"]
[Site "Zalakaros HUN"]
[Date "2011.05.26"]
[Round "7"]
[White "Majeric,Z"]
[Black "Bea,B"]
[Result "1-0"]
[WhiteElo "2277"]
[BlackElo "2124"]

1.e4 c5 2.Nf3 e6 3.d4 cxd4 4.Nxd4 Nc6 5.Nc3 Qc7 6.g3 a6 7.Bg2 d6 8.O-O Bd7
9.Re1 Be7 10.Nxc6 Bxc6 11.Qg4 h5 12.Qd1 Nf6 13.h3 h4 14.g4 Nd7 15.a4 O-O
16.Nd5 exd5 17.exd5 Rae8 18.dxc6 bxc6 19.Bf4 Nc5 20.Rxe7 Rxe7 21.Bxd6 Rd8
22.Bxc7 Rxd1+ 23.Rxd1 Rxc7 24.b3 Nb7 25.Rd4 c5 26.Rd1 c4 27.b4 c3 28.Rd4 Kf8
29.Kf1 Ke7 30.Bxb7 Rxb7 31.Ke2 Rb6 32.Kd3 Rf6 33.f4 Rc6 34.Rc4 Rd6+ 35.Kxc3 Rd1
36.Rd4 Rh1 37.Rd3  1-0

[Event "3rd Limpedea Cup"]
[Site "Baia Sprie ROU"]
[Date "2011.05.27"]
[Round "6"]
[White "Smith,Bry"]
[Black "Manea,Al"]
[Result "1-0"]
[WhiteElo "2481"]
[BlackElo "2405"]

1.e4 c5 2.Nf3 e6 3.d4 cxd4 4.Nxd4 Nc6 5.Nc3 Qc7 6.Be3 Nf6 7.Bd3 Nxd4 8.Bxd4 Bc5
9.Bxc5 Qxc5 10.Qd2 O-O 11.O-O-O e5 12.f4 d6 13.f5 Bd7 14.g4 Bc6 15.g5 Nh5
16.Kb1 Rad8 17.Qe1 d5 18.exd5 Bxd5 19.Nxd5 Rxd5 20.g6 Nf6 21.Qe2 Rc8 22.gxf7+ Kxf7
23.Be4 Rxd1+ 24.Rxd1 b6 25.c3 Qc4 26.Bd3 Qg4 27.Qf1 Rc5 28.Bc2 Rc7 29.Qb5 Re7
30.a3 g6 31.fxg6+ hxg6 32.Qc6 e4 33.Rf1 Qh4 34.Qd6 Re8 35.Qd7+ Kf8 36.Bb3 Qe1+
37.Ka2 Qa1+ 38.Kxa1  1-0

[Event "3rd Kahraman Olgac Memorial"]
[Site "Izmir TUR"]
[Date "2011.05.27"]
[Round "7.1.1"]
[White "Yilmaz,M"]
[Black "Geller,J"]
[Result "1/2-1/2"]
[WhiteElo "2489"]
[BlackElo "2521"]

1.e4 c5 2.Nf3 e6 3.d4 cxd4 4.Nxd4 Nc6 5.Nc3 Qc7 6.g3 a6 7.Bg2 Nf6 8.O-O Nxd4
9.Qxd4 Bc5 10.Bf4 d6 11.Qd2 h6 12.Rad1 e5 13.Be3 Be6 14.Bxc5 dxc5 15.Nd5 Bxd5
16.exd5 Qd6 17.f4 O-O 18.fxe5 Qxe5 19.d6 Qxb2 20.c4 Qxd2 21.Rxd2 Rab8 22.a4 Rfd8
23.Rb1 b6 24.Re1  1/2-1/2

[Event "TCh-FRA Top 12 2011"]
[Site "Mulhouse FRA"]
[Date "2011.05.27"]
[Round "2.5"]
[White "Sokolov,And1"]
[Black "De Sousa,Jos"]
[Result "1-0"]
[WhiteElo "2573"]
[BlackElo "2258"]

1.e4 c5 2.Nf3 e6 3.Nc3 Nc6 4.d4 cxd4 5.Nxd4 Qc7 6.Be3 a6 7.Be2 Nf6 8.O-O Be7
9.f4 d6 10.a4 O-O 11.Kh1 Re8 12.Bf3 Bf8 13.Qd2 Rb8 14.Rad1 Bd7 15.Qf2 e5
16.Nxc6 bxc6 17.b3 exf4 18.Bxf4 Ng4 19.Qe2 Qa5 20.Nb1 Ne5 21.Nd2 Rbd8 22.Bxe5 dxe5
23.Nc4 Qc5 24.Bg4 Bxg4 25.Qxg4 Rd4 26.c3 Rxd1 27.Qxd1 Rb8 28.g3 g6 29.Kg2 Be7
30.Rf2 Rd8 31.Rd2 Rf8 32.Rd7 f5  1-0

[Event "Chicago Open"]
[Site "Wheeling USA"]
[Date "2011.05.27"]
[Round "3"]
[White "Mo,Kevin"]
[Black "Krush,I"]
[Result "1/2-1/2"]
[WhiteElo "2065"]
[BlackElo "2469"]

1.e4 c5 2.Nf3 e6 3.d4 cxd4 4.Nxd4 Nc6 5.Nc3 Qc7 6.Be3 a6 7.Qd2 Nf6 8.O-O-O Bb4
9.f3 Ne5 10.a3 Bxc3 11.Qxc3 Qxc3 12.bxc3 d5 13.exd5 Nxd5 14.Bd2 b5 15.Nf5 O-O
16.Re1 Ng6 17.Ne3 Bb7 18.c4 Nxe3 19.Rxe3 bxc4 20.Bxc4 Rfc8 21.Rc3 Ne7 22.Bd3 Nd5
23.Rxc8+ Rxc8 24.Kb2 Nb6 25.Rb1 Nc4+ 26.Bxc4 Rxc4 27.Kc1 Bc8 28.Rb4 Rc6 29.Kb2  1/2-1/2

[Event "3rd Limpedea Cup"]
[Site "Baia Sprie ROU"]
[Date "2011.05.28"]
[Round "11"]
[White "Smith,Bry"]
[Black "Genov,Peta"]
[Result "1-0"]
[WhiteElo "2481"]
[BlackElo "2444"]

1.e4 c5 2.Nf3 e6 3.d4 cxd4 4.Nxd4 Nc6 5.Nc3 Qc7 6.Be3 Nf6 7.f4 d6 8.Qf3 Bd7
9.O-O-O Rc8 10.g4 Nxd4 11.Rxd4 d5 12.exd5 Nxd5 13.Rxd5 exd5 14.Bd4 f6 15.g5 Bc5
16.Nxd5 Qd6 17.Bc3 Be6 18.Bc4 Bd4 19.Qh5+ g6 20.Qe2 Bxc3 21.Rd1 Kf8 22.bxc3 Bxd5
23.Rxd5 Qxf4+ 24.Kb2 Qc7 25.gxf6 Qb6+ 26.Rb5 Qxf6 27.Rxb7 Re8 28.Qd2 h5 29.Qd5  1-0

[Event "Chinese League"]
[Site "Chengdu CHN"]
[Date "2011.05.28"]
[Round "6"]
[White "Yu Yangyi"]
[Black "Xu Jun"]
[Result "1-0"]
[WhiteElo "2652"]
[BlackElo "2486"]

1.e4 c5 2.Nf3 e6 3.d4 cxd4 4.Nxd4 Nc6 5.Nc3 Qc7 6.Be3 a6 7.Qd2 Nf6 8.O-O-O Be7
9.f3 h5 10.Nb3 d6 11.Kb1 b5 12.Bxb5 axb5 13.Nxb5 Qb8 14.Nxd6+ Kf8 15.Qc3 Bd7
16.Rd2 Nb4 17.Bc5 Nxa2 18.Qd4 Ra4 19.Nc4 Qb5 20.Bxe7+ Kxe7 21.Qd6+ Ke8 22.Nb6 Ra6
23.Qb8+ Ke7 24.Rxd7+ Qxd7 25.Nxd7 Rxb8 26.Nxb8 Nc3+ 27.bxc3 Rb6 28.Kb2 Rxb8
29.Ra1 Rc8 30.Ra5 h4 31.Rc5 Rd8 32.Rc7+ Ke8 33.c4 Rd1 34.c5 Rg1 35.c6 Rxg2
36.Ra7 Kd8 37.Rxf7  1-0

[Event "Portuguese Cup Final"]
[Site "Matosinhos POR"]
[Date "2011.05.28"]
[Round "1.1"]
[White "Silva,An"]
[Black "Padeiro,J"]
[Result "0-1"]
[WhiteElo "2241"]
[BlackElo "2271"]

1.e4 c5 2.Nc3 Nc6 3.Nf3 e6 4.d4 cxd4 5.Nxd4 Nf6 6.Ndb5 d6 7.Bf4 e5 8.Bg5 a6
9.Na3 b5 10.Nd5 Be7 11.Bxf6 Bxf6 12.c4 b4 13.Nc2 a5 14.g3 O-O 15.h4 Rb8 16.b3 Be6
17.Bh3 Nd4 18.Nxf6+ Qxf6 19.Nxd4 exd4 20.Bg2 d3 21.O-O Qd4 22.Re1 f5 23.Qd2 fxe4
24.Bxe4 Bf5 25.Bxf5 Rxf5 26.Qe3 Qb2 27.Rad1 Qxa2 28.Rxd3 Re5 29.Qc1 Rbe8
30.Rxe5 dxe5 31.Qe3 a4 32.c5 a3 33.Rd7 Qb1+ 34.Kh2 Qg6 35.Rd6 Qf5 36.Ra6 Rc8
37.Ra7 h6 38.Re7 Qf6 39.Ra7 Re8 40.Ra4 e4 41.c6 Qxc6 42.Rxb4 Ra8 43.Qf4 a2
44.Rb8+ Rxb8 45.Qxb8+ Kh7 46.Qe5 Qf6 47.Qxe4+ g6  0-1

[Event "TCh-FRA Top 12 2011"]
[Site "Mulhouse FRA"]
[Date "2011.05.28"]
[Round "3.7"]
[White "Lagarde,Max"]
[Black "Gosset,A"]
[Result "1/2-1/2"]
[WhiteElo "2430"]
[BlackElo "2199"]

1.e4 c5 2.Nf3 e6 3.d4 cxd4 4.Nxd4 Nc6 5.Nc3 Qc7 6.g3 a6 7.Bg2 d6 8.O-O Bd7
9.Re1 Be7 10.Nxc6 Bxc6 11.Qg4 h5 12.Qe2 h4 13.Bf4 e5 14.Be3 hxg3 15.hxg3 Nf6
16.a4 Kf8 17.Nd5 Bxd5 18.exd5 Rc8 19.c4 a5 20.b4 axb4 21.a5 g6 22.a6 bxa6
23.c5 dxc5 24.Rxa6 Kg7 25.Qc4 Bd6 26.Rea1 Rb8 27.Rc6 Qe7 28.Bxc5 Bxc5 29.Rxc5 b3
30.Rb1 Rhd8 31.Qc3 Qa7 32.Ra1 Qb6 33.Rb1 Qb4 34.Rc4 Qxc3 35.Rxc3 Rdc8 36.Rxc8 Rxc8
37.Rxb3 Rc1+ 38.Bf1 Rd1 39.Rd3 Rxd3 40.Bxd3 Nxd5 41.Bb5 f5 42.Bc6 Ne7 43.Bb5 e4
44.Kf1 Kf6 45.Ke2 Ke5 46.Be8 g5 47.Bd7 f4 48.gxf4+ gxf4 49.Bb5 f3+ 50.Ke1 Nd5
51.Bc6 Nf4 52.Bb7  1/2-1/2

[Event "84th ch-St Petersburg"]
[Site "St Petersburg RUS"]
[Date "2011.05.28"]
[Round "8"]
[White "Yemelin,V"]
[Black "Klimov,S"]
[Result "1-0"]
[WhiteElo "2584"]
[BlackElo "2503"]

1.e4 c5 2.Nf3 e6 3.d4 cxd4 4.Nxd4 Nc6 5.Nc3 d6 6.Be3 Nf6 7.Qe2 Be7 8.O-O-O O-O
9.f4 Nxd4 10.Rxd4 Qa5 11.g4 e5 12.Ra4 Qd8 13.f5 b5 14.Nxb5 d5 15.exd5 Nxd5
16.Bg2 Nxe3 17.Bxa8 Qb6 18.Nc3 Bg5 19.Kb1 Bd7 20.Ra6 Qd4 21.Be4 Rb8 22.Qd3 Qb4
23.b3 Rc8 24.Qxd7  1-0

[Event "29th Liechtenstein Open"]
[Site "Triesen LIE"]
[Date "2011.05.28"]
[Round "2.14"]
[White "Bezler,R"]
[Black "Gorse,G"]
[Result "1-0"]
[WhiteElo "2216"]
[BlackElo "2073"]

1.e4 c5 2.Nf3 e6 3.d4 cxd4 4.Nxd4 Nc6 5.Nc3 d6 6.Be3 Nf6 7.f3 Be7 8.Qd2 O-O
9.O-O-O d5 10.exd5 Nxd5 11.Nxd5 Qxd5 12.Nb3 Qe5 13.Qf2 Qc7 14.Kb1 b6 15.h4 Bb7
16.h5 Rfd8 17.Rc1 Nb4 18.h6 g6 19.c4 Bf6 20.c5 Qd7 21.Nd2 Nd3 22.Bxd3 Qxd3+
23.Ka1 Bd5 24.Ne4 Bxe4 25.fxe4 Be5 26.Bg5 Qd4 27.Qe2 Rdc8 28.c6 f6 29.Rc4 Qd8
30.Be3 Qe8 31.Qc2 Rc7 32.Kb1 Rac8 33.Rc1 Bd6 34.Bd4 e5 35.Be3 Qe6 36.a4 Rf7
37.Qe2 Rb8 38.Qd3 Bc7 39.R4c2 Rd8 40.Qa6 Bd6 41.c7 Rc8 42.Qxa7  1-0

[Event "3rd Orissa Open"]
[Site "Bhubaneswar IND"]
[Date "2011.05.29"]
[Round "2"]
[White "Abdullah,AlS"]
[Black "Kamble,V"]
[Result "0-1"]
[WhiteElo "2125"]
[BlackElo "2406"]

1.e4 c5 2.Nf3 e6 3.d4 cxd4 4.Nxd4 Nc6 5.Nc3 d6 6.Be3 Nf6 7.Nb3 Be7 8.g4 h5
9.f3 hxg4 10.fxg4 Ne5 11.Be2 Rh4 12.Bf2 Nfxg4 13.Bb5+ Kf8 14.Bxh4 Bxh4+ 15.Ke2 a6
16.Bd3 Qg5 17.Qd2 Qh5 18.Kf1 Bg5 19.Qe2 Ne3+ 20.Ke1 Nf3+ 21.Kf2 Qh4+ 22.Kxf3 Qf4+  0-1

[Event "29th Liechtenstein Open"]
[Site "Triesen LIE"]
[Date "2011.05.29"]
[Round "3.11"]
[White "Grabher,H"]
[Black "Partenheimer,A"]
[Result "0-1"]
[WhiteElo "2246"]
[BlackElo "2200"]

1.e4 c5 2.Nf3 e6 3.d4 cxd4 4.Nxd4 Nc6 5.Nc3 Qc7 6.g3 a6 7.Bg2 d6 8.O-O Bd7
9.Re1 Be7 10.Nxc6 Bxc6 11.Qg4 h5 12.Qe2 h4 13.a4 hxg3 14.hxg3 Kf8 15.a5 Rc8
16.Be3 Nf6 17.Bb6 Qd7 18.b3 Qe8 19.Na4 d5 20.exd5 Nxd5 21.Bd4 Nb4 22.c4 Bxg2
23.Kxg2 Qc6+ 24.f3 Rd8 25.Rh1 Rxh1 26.Rxh1 Kg8 27.Bc3 f6 28.Rd1 Rxd1 29.Qxd1 Na2
30.Bd4 e5 31.Be3 Nb4 32.Nc3 Qd6 33.Qxd6 Bxd6 34.Ne4 Bc7 35.Nc5 Nc6 36.Nxb7 Bxa5
37.Kf2 Bb4 38.Ke2 Kf7 39.Kd3 Ke6 40.g4 g6 41.Nc5+ Bxc5 42.Bxc5 a5 43.Bb6 f5
44.Ke3 Kd7 45.Kd3 Ke6 46.Kc3 Kd7 47.Kb2 Kc8 48.Ka3 Kb7 49.Bc5 Ka6 50.Ka4 Nd8
51.Bd6 Nc6 52.Bc5 Nd8 53.b4 axb4 54.Kxb4 Nc6+ 55.Kc3 Kb7 56.Bf2 Nd8 57.Kb4 Kc6
58.Bg3 f4 59.Bh4 Ne6 60.Bf6 Nc5 61.Be7 Nd3+ 62.Kc3 Ne1 63.Bf6 Nxf3 64.Kd3 Kd6
65.Ke4 Nd2+ 66.Kd3 Nb3 67.Ke4 Nc5+ 68.Kf3 Ke6 69.Bd8 Nd7 70.Bg5 Nc5 71.Bd8 Nb7
72.Bg5 Kd6 73.Bf6 Na5 74.c5+ Kd5 75.Be7 Nc6 76.Bf8 Nd4+ 77.Kf2 e4 78.Bd6 e3+
79.Kf1 Ke4  0-1

[Event "e2e4 Sunningdale Open"]
[Site "Ascot ENG"]
[Date "2011.05.30"]
[Round "7"]
[White "Ledger,D"]
[Black "Michielsen,J"]
[Result "0-1"]
[WhiteElo "2245"]
[BlackElo "2338"]

1.e4 c5 2.Nf3 e6 3.d4 cxd4 4.Nxd4 Nc6 5.Nc3 Qc7 6.Be3 a6 7.Qd2 Nf6 8.O-O-O Bb4
9.f3 O-O 10.Nxc6 bxc6 11.Qd4 Rb8 12.e5 Nd5 13.Nxd5 cxd5 14.Bd3 d6 15.Qh4 h6
16.Bxh6 gxh6 17.Qxh6 f5 18.exf6 Rb7 19.Qg6+ Kh8 20.Qh6+ Kg8 21.Bxa6 Bc5 22.Qg6+ Kh8
23.Qh6+ Kg8 24.Rd3 Qh7 25.Qg5+ Kf7 26.Bxb7 Bxb7 27.f4 Rg8 28.Rh3 Qxh3 29.Qxg8+ Kxg8
30.gxh3 Be3+ 31.Kb1 Kf7 32.Rd1 Kxf6 33.a4 Bc6 34.Rd3 Bxf4 35.a5 e5 36.a6 e4
37.Rd1 Ke5 38.c3 e3 39.Kc2 Ke4 40.Rd4+ Kf3 41.Rxf4+ Kxf4 42.Kd1 d4 43.cxd4 Ke4
44.a7 Kxd4 45.h4 Bf3+ 46.Kc2 Be4+ 47.Kd1 Ke5 48.Ke2 Kf4 49.h5 Bf3+ 50.Kd3 e2
51.a8=Q e1=N+ 52.Kc4 Bxa8 53.h6 Be4 54.h7 Bxh7 55.Kd5 Nd3 56.b3 Bg8+ 57.Kxd6 Bxb3
58.h4 Kg4 59.h5 Kxh5 60.Ke7 Kg5 61.Kf8 Kf6 62.Ke8 Ne5 63.Kd8 Ke6 64.Kc7 Nd7
65.Kc8 Kd6 66.Kd8 Bf7 67.Kc8 Nc5 68.Kd8 Nb7+ 69.Kc8 Kc6 70.Kb8 Kb6 71.Kc8 Be6+
72.Kb8 Nc5 73.Ka8 Bd7 74.Kb8 Na6+ 75.Ka8 Bc6+  0-1

[Event "3rd Orissa Open"]
[Site "Bhubaneswar IND"]
[Date "2011.05.30"]
[Round "4"]
[White "Udeshi,A"]
[Black "Rahman,Zia"]
[Result "1/2-1/2"]
[WhiteElo "2362"]
[BlackElo "2534"]

1.e4 c5 2.Nf3 e6 3.d4 cxd4 4.Nxd4 Nc6 5.Nc3 Qc7 6.Be3 a6 7.Bd3 Nf6 8.O-O Ne5
9.h3 Bc5 10.Kh1 d6 11.f4 Ng6 12.Qe2 O-O 13.Nb3 Bxe3 14.Qxe3 b5 15.a4 b4 16.Ne2 Bb7
17.a5 Rfe8 18.Ra4 e5 19.Rxb4 d5 20.Qb6 Qxb6 21.Rxb6 dxe4 22.Rxb7 exd3 23.cxd3 Rab8
24.Rxb8 Rxb8 25.fxe5  1/2-1/2

[Event "Chicago Open"]
[Site "Wheeling USA"]
[Date "2011.05.30"]
[Round "8"]
[White "Hess,Ro"]
[Black "Arnold,Mar"]
[Result "1/2-1/2"]
[WhiteElo "2601"]
[BlackElo "2432"]

1.e4 c5 2.Nc3 Nc6 3.Nf3 e6 4.d4 cxd4 5.Nxd4 Qc7 6.g3 a6 7.Bg2 d6 8.O-O Nf6
9.Re1 Bd7 10.a4 Be7 11.Nde2 O-O 12.h3 Rab8 13.Be3  1/2-1/2

[Event "TCh-FRA Top 12 2011"]
[Site "Mulhouse FRA"]
[Date "2011.05.31"]
[Round "6"]
[White "Choisy,M"]
[Black "Pira,D"]
[Result "1/2-1/2"]
[WhiteElo "2207"]
[BlackElo "2403"]

1.e4 c5 2.Nf3 e6 3.d4 cxd4 4.Nxd4 Nc6 5.Nc3 Qc7 6.Be2 a6 7.Be3 Nf6 8.O-O Be7
9.f4 d6 10.Kh1 O-O 11.Qe1 Bd7 12.Qg3 Nxd4 13.Bxd4 Bc6 14.Bd3 g6 15.Rae1 Nh5
16.Qe3 b5 17.e5 Ng7 18.exd6 Bxd6 19.Ne4 Bxe4 20.Bxe4 Nf5 21.Qf2 Rae8 22.Bxf5 exf5
23.Qh4 Be7 24.Qh6 f6 25.c3 Bd8 26.Qh4 Kg7 27.Qf2 Re4 28.Rxe4 fxe4 29.f5 Qc6
30.Qh4 Re8 31.Be3 g5 32.Qg4 Kh8 33.Re1 Bc7 34.Bd4 Kg8 35.Re3 Qc4 36.Rxe4 Qf1+
37.Bg1 Bb6 38.Rxe8+ Kg7 39.Re7+ Kf8 40.Re8+ Kxe8 41.Qe4+ Kd8 42.Qd5+ Kc7
43.Qf7+ Kb8 44.Qe8+ Kb7 45.Qd7+ Bc7 46.Qd5+ Kb8 47.Qg8+ Kb7 48.Qd5+ Kb8 49.Qe6 Be5
50.Qb6+ Kc8 51.Qxa6+ Kc7 52.Qb6+ Kd7 53.Qe6+ Kc7 54.Qb6+ Kd7 55.Qf2 Qc4 56.Qa7+ Kd6
57.Qb6+ Kd5 58.Qb7+ Kd6 59.Qb6+ Kd5 60.b3 Qf1 61.Qc5+ Ke4 62.Qc6+ Kxf5 63.Qf3+ Qxf3
64.gxf3 Bxc3 65.a4 bxa4 66.bxa4 Ba5 67.Kg2 h5 68.h3 Kf4 69.Bd4 Bb6 70.Bg1  1/2-1/2

[Event "29th Liechtenstein Open"]
[Site "Triesen LIE"]
[Date "2011.05.31"]
[Round "5.10"]
[White "Grabher,H"]
[Black "Frick,R"]
[Result "1/2-1/2"]
[WhiteElo "2246"]
[BlackElo "2085"]

1.e4 c5 2.Nf3 e6 3.d4 cxd4 4.Nxd4 Nc6 5.Nc3 Qc7 6.g3 a6 7.Bg2 d6 8.O-O Bd7
9.Re1 Be7 10.Nxc6 Bxc6 11.Qg4 h5 12.Qe2 h4 13.a4 hxg3 14.hxg3 Nf6 15.a5 Rc8
16.Be3 Kf8 17.Bb6 Qd7 18.Bd4 Ne8 19.b3 Nc7 20.Qg4 e5 21.Qxd7 Bxd7 22.Be3 Ne6
23.Nd5 Rxc2 24.Rec1 Rxc1+ 25.Rxc1 Bd8 26.b4 Bc6 27.Bf1 Ke8 28.Bxa6 Ng5 29.Bd3 Kd7
30.Ra1 f5 31.Bxg5 fxe4 32.Bxe4 Bxg5 33.Rb1 Bd8 34.Kf1 Ke6 35.Rd1 b6 36.axb6 Bxb6
37.Nf4+ exf4 38.Bxc6 fxg3 39.fxg3 Rf8+ 40.Kg2 Rf2+ 41.Kh3 Rb2 42.Re1+ Kf6  1/2-1/2